Complete the Movie Title (1971) - Statistics

General Stats
  • This quiz has been taken 538 times
  • The average score is 15 of 25
Answer Stats
Hint Answer % Correct
Escape from the Planet of the _____ Apes
95%
Willy Wonka & the Chocolate _____ Factory
94%
A _____ Orange Clockwork
89%
_____ on the Roof Fiddler
84%
Bedknobs and _____ Broomsticks
83%
The French _____ Connection
81%
_____ Are Forever Diamonds
79%
The Last Picture _____ Show
74%
_____ of '42 Summer
74%
Johnny Got His _____ Gun
70%
Duel of the Iron _____ Fist
69%
Carnal _____ Knowledge
62%
Night of Dark _____ Shadows
62%
_____ Suite Plaza
56%
Support Your Local _____ Gunfighter
54%
The Andromeda _____ Strain
51%
Doctors’ _____ Wives
51%
Cold _____ Turkey
49%
Red _____ Sun
47%
The Anderson _____ Tapes
47%
_____ on a Chain Puppet
46%
Sometimes a Great _____ Notion
40%
Sweet Sweetback's Baadasssss _____ Song
31%
The Million Dollar _____ Duck
22%
Little _____ Murders
22%
No matching quizzes found
Score Distribution
Percent of People with Each Score
Percentile by Number Answered
Your Score History
You have not taken this quiz